Statistics for TNA / Impact Women's Knockouts Champions

Click here to take the quiz!

General Stats

  • This quiz has been taken 620 times
    (61 since last reset)
  • The average score is 16 of 26

Answer Stats

Title ReignsLast WonChampion% Correct
72017Gail Kim
97%
42021Mickie James
90%
22008Awesome Kong
87%
22013Velvet Sky
87%
62014Angelina Love
85%
12023Trinity
82%
32023Deonna Purrazzo
74%
52014Madison Rayne
74%
42013ODB
74%
52012Tara
74%
12008Taylor Wilde
69%
22022Jordynne Grace
67%
12018Tessa Blanchard
64%
12016Rosemary
59%
32015Brooke Tessmacher
54%
12019Taya Valkyrie
46%
12014Havok
44%
22017Sienna
44%
22018Allie
38%
12016Jade
38%
12017Laurel Van Ness
38%
22020Su Yung
38%
12014Taryn Terrell
38%
12022Tasha Steelz
38%
22011Winter
38%
12016Maria Kanellis-Bennett
26%

Score Distribution

Percentile by Number Answered

Percent of People with Each Score

Your Score History

You have not taken this quiz since the last reset